Name a Valid Green Day Song - Statistics

General Stats
  • This quiz has been taken 92 times
  • The average score is 8 of 10
Answer Stats
Name a Green Day song ... # Answer % Correct
with America or American in the title. 4 American Idiot | Last of the American Girls| American Eulogy | The American Dream is Killing Me
99%
with a number in the title. 17 16 | 80 | 86 | 1981 | 99 Revolutions | 8th Avenue Serenade | 2000 Light Years Away | 21 Guns | 21st Century Breakdown | East 12th St. | Living in the '20s | No One Knows | One Eyed Bastard | One for the Razorbacks | One of My Lies | Sweet 16 | Wild One
97%
from Dookie. 15 All By Myself | Basket Case | Burnout | Chump | Coming Clean | Emenius Sleepus | FOD | Having a Blast | In the End | Longview | Pulling Teeth | Sassafras Roots | She | Welcome to Paradise | When I Come Around
96%
with someone's name in the title. 21 A Little Boy Named Train | Amanda | Angel Blue | Ashley | At the Library with Waba Se Wasca | Bab's Uvula Who? | Christian's Inferno | East Jesus Nowhere | Goodnight Adeline | Haushinka | Macy's Day Parade | Stuart and the Ave. | Suzie Chapstick | Amy | Bobby Sox | Christie Rd. | Jesus of Suburbia | St. Jimmy | ¡Viva la Gloria! | ¿Viva la Gloria? (Little Girl) | Who Wrote Holden Caulfield?
89%
that is the band's most streamed on Spotify. (Hint: B.C.) 1 Basket Case
82%
from Saviors. 15 1981 | The American Dream Is Killing Me | Bobby Sox | Coma City | Corvette Summer | Dilemma | Fancy Sauce | Father to a Son | Goodnight Adeline | Living in the '20s | Look Ma, No Brains! | One Eyed Bastard | Saviors | Strange Days are Here to Stay | Suzie Chapstick
81%
from 39/Smooth or Kerplunk. 22 At the Library with Waba Se Wasca | 16 | 2000 Light Years Away | 80 | Android | Christie Rd. | Disappearing Boy | Dominated Love Slave | Don't Leave Me | Going to Pasalacqua | Green Day | I was There | No One Knows | One for the Razorbacks | One of My Lies | Private Ale | Rest | Road to Acceptance | The Judge's Daughter | Welcome to Paradise | Who Wrote Holden Caulfield? | Words I Might Have Ate
77%
other than American Idiot that went platinum in the UK. 3 Boulevard of Broken Dreams | Holiday | Wake Me Up When September Ends
77%
on which Billie Joe Armstrong is not the head writer. 8 Dominated Love Slave | Emenius Sleepus | I Was There | J.A.R. | Misery | Nobody Likes You | Panic Song | Rock and Roll Girlfriend
49%
on which David Bowie is credited as a songwriter. (Hint: # in the title.) 1 21 Guns
45%
No matching quizzes found
Score Distribution
Percent of People with Each Score
Percentile by Number Answered
Your Score History
You have not taken this quiz